Cities of the United Kingdom - Statistics

General Stats
  • This quiz has been taken 201 times
  • The average score is 12 of 15
Answer Stats
Hint Answer % Correct
Capital of the UK London
98%
2nd biggest city in England Birmingham
94%
Capital of Wales Cardiff
94%
3rd biggest city in England Manchester
93%
Capital of Northern Ireland Belfast
92%
Capital of Scotland Edinburgh
92%
Largest city by population in Scotland Glasgow
91%
Largest city in Merseyside Liverpool
82%
Gateway to Europe Dover
77%
Largest city by population in the South West of England Bristol
76%
Capital of Norfolk Norwich
73%
City by Loch Ness Inverness
72%
Largest city in Grampian, Scotland Aberdeen
71%
2nd largest city by population in N.Ireland Londonderry
71%
Only city in Cumbria Carlisle
62%
No matching quizzes found
Score Distribution
Percent of People with Each Score
Percentile by Number Answered
Your Score History
You have not taken this quiz